Manual del médico forense (Record no. 87865)
[ view plain ]
| 000 -LEADER | |
|---|---|
| campo de control de longitud fija | 00736nam a2200205 i 4500 |
| 001 - NÚMERO DE CONTROL | |
| campo de control | 87865 |
| 003 - IDENTIFICADOR DE NÚMERO DE CONTROL | |
| campo de control | ES-MaACL |
| 005 - FECHA Y HORA DE LA ÚLTIMA TRANSACCIÓN | |
| campo de control | 20250806060940.0 |
| 007 - CAMPO FIJO DE DESCRIPCIÓN FÍSICA--INFORMACIÓN GENERAL | |
| campo de control de longitud fija | t| |
| 008 - DATOS DE LONGITUD FIJA--INFORMACIÓN GENERAL | |
| campo de control de longitud fija | 041227s1931 sp |||| | spa d |
| 100 1# - ENTRADA PRINCIPAL--NOMBRE DE PERSONA | |
| Nombre de persona | Lacassagne, Alexander. |
| 9 (RLIN) | 69344 |
| 245 10 - MENCIÓN DEL TÍTULO | |
| Título | Manual del médico forense |
| Resto del título | : guía médica del abogado, magistrado, forense, perito, juez de instrucción y policía / |
| Mención de responsabilidad, etc. | por Alexander Lacassagne ; traducido y arreglado a la legislación española por M. de Brionde. |
| 250 ## - MENCION DE EDICION | |
| Mención de edición | 2ª ed. |
| 260 ## - PUBLICACIÓN, DISTRIBUCIÓN, ETC. | |
| Lugar de publicación, distribución, etc. | Madrid : |
| Nombre del editor, distribuidor, etc. | Reus, |
| Fecha de publicación, distribución, etc. | 1931. |
| 300 ## - DESCRIPCIÓN FÍSICA | |
| Extensión | XIII, 406 p. ; |
| Dimensiones | 13 cm. |
| 650 07 - PUNTO DE ACCESO ADICIONAL DE MATERIA--TÉRMINO DE MATERIA | |
| Término de materia o nombre geográfico como elemento de entrada | Medicina legal |
| Fuente del encabezamiento o término | embne |
| 9 (RLIN) | 14928 |
| 700 1# - ENTRADA AGREGADA--NOMBRE PERSONAL | |
| Nombre de persona | Brionde, M. de. |
| 9 (RLIN) | 31768 |
| 852 ## - LOCALIZACIÓN | |
| Ubicación | ES-MaACL |
| Número de control de estantería | F-15062 |
| Estatus retirado | Estado de pérdida | Estado de daño | No para préstamo | Biblioteca de origen | Biblioteca actual | Ubicación en estantería | Fecha de adquisición | Fuente de adquisición | Total de préstamos | Signatura topográfica completa | Código de barras | Visto por última vez | Precio de reemplazo | Tipo de ítem Koha |
|---|---|---|---|---|---|---|---|---|---|---|---|---|---|---|
| Biblioteca del Ateneo de Madrid | Biblioteca del Ateneo de Madrid | Sala Pecera Planta 2 | 17/01/2008 | F-15062 | 1091788 | 23/02/2023 | 23/02/2023 | Libro impreso |
